20 Biggest US Cities By Time Zone On A Map - Statistics

General Stats
  • This quiz has been taken 430 times
  • The average score is 59 of 80
Answers on the Map
Answers color-coded by a green-red scale on the quiz's map according to % correct below.
 
Answer Stats
Time Zone Population Answer % Correct
Pacific 12,150,996 Los Angeles
97%
Pacific 3,059,393 Seattle
96%
Central 8,608,208 Chicago
95%
Central 4,944,332 Houston
95%
Eastern 18,351,295 New York City
95%
Central 5,121,892 Dallas - Fort Worth
94%
Eastern 3,734,090 Detroit
94%
Eastern 5,502,379 Miami
94%
Pacific 3,281,212 San Francisco
94%
Eastern 4,515,419 Atlanta
93%
Eastern 4,181,019 Boston
93%
Pacific 1,886,011 Las Vegas
93%
Pacific 1,849,898 Portland
93%
Central 1,362,416 Austin
92%
Mountain 2,374,203 Denver
92%
Central 2,650,890 Minneapolis - St. Paul
92%
Central 899,703 New Orleans
92%
Eastern 5,441,567 Philadelphia
92%
Mountain 3,629,114 Phoenix
92%
Pacific 2,956,746 San Diego
92%
Eastern 4,586,770 Washington DC
92%
Central 1,519,417 Kansas City
91%
Central 969,587 Nashville
91%
Central 861,505 Oklahoma City
91%
Eastern 1,510,516 Orlando
91%
Eastern 1,780,673 Cleveland
90%
Eastern 1,368,035 Columbus
90%
Eastern 1,487,483 Indianapolis
90%
Central 1,758,210 San Antonio
90%
Eastern 1,065,219 Jacksonville
89%
Pacific 1,723,634 Sacramento
89%
Central 2,150,706 St. Louis
89%
Eastern 2,441,770 Tampa
89%
Eastern 2,203,663 Baltimore
88%
Eastern 1,733,853 Pittsburgh
88%
Mountain 1,021,243 Salt Lake City
88%
Mountain 349,684 Boise
87%
Eastern 1,249,442 Charlotte
87%
Eastern 1,624,827 Cincinnati
87%
Central 1,060,061 Memphis
87%
Central 1,376,476 Milwaukee
87%
Pacific 1,664,496 San Jose
85%
Central 594,309 Baton Rouge
84%
Central 450,070 Des Moines
84%
Mountain 741,318 Albuquerque
83%
Eastern 972,546 Louisville
83%
Central 749,495 Birmingham
82%
Mountain 803,086 El Paso
82%
Central 725,008 Omaha
82%
Central 655,479 Tulsa
81%
Eastern 1,190,956 Providence
80%
Pacific 392,141 Reno
80%
Mountain 843,168 Tucson
80%
Eastern 1,439,666 Virginia Beach
80%
Mountain 559,409 Colorado Springs
77%
Pacific 654,628 Fresno
77%
Pacific 486,225 Spokane
75%
Central 472,870 Wichita
72%
Mountain 114,773 Billings
68%
Pacific 523,994 Bakersfield
61%
Pacific 1,932,666 Riverside
58%
Mountain 482,819 Provo
54%
Mountain 114,591 Boulder
52%
Central 728,825 McAllen
50%
Mountain 264,465 Fort Collins
46%
Mountain 546,026 Ogden
46%
Mountain 135,267 Yuma
46%
Mountain 128,600 Las Cruces
45%
Pacific 370,583 Stockton
45%
Mountain 136,550 Pueblo
37%
Mountain 128,124 Grand Junction
35%
Mountain 151,499 Nampa
31%
Pacific 367,260 Oxnard
27%
Mountain 117,825 Greeley
24%
Pacific 341,219 Lancaster
17%
Pacific 328,454 Victorville
11%
Pacific 345,580 Indio
10%
Mountain 197,041 Avondale
8%
Pacific 583,681 Mission Viejo
6%
Pacific 441,546 Murrieta
4%
No matching quizzes found
Score Distribution
Percent of People with Each Score
Percentile by Number Answered
Your Score History
You have not taken this quiz